00527cam a22002051 4500001001300000003000400013005001700017008004100034010001700075035002000092040003200112042001200144050001900156082001100175100003300186245003000219260003800249300001900287999001500306af 48004208 DLC20260227110906.0890403s1946 au 000 1 ger c aaf 48004208  a(OCoLC)19490140 aYale Univ. LibrarycCUdDLC apremarc00aPT2615.A74bF5 a833.911 aHarrer, Josef Robert,d1896-10aFlucht vor Elena;bRoman. aSalzburg,bFestungsverlag,c1946. a128 p.c17 cm. c5946d5946